The colossus of Maroussi (Record no. 14473)

MARC details
000 -LEADER
fixed length control field 00659nam a2200241 i 4500
001 - CONTROL NUMBER
control field C2-0081170
003 - CONTROL NUMBER IDENTIFIER
control field PPAK
005 - DATE AND TIME OF LATEST TRANSACTION
control field 20180727084320.0
008 - FIXED-LENGTH DATA ELEMENTS--GENERAL INFORMATION
fixed length control field 970429s1941 enk |||| ||||| | eng d
040 ## - CATALOGING SOURCE
Original cataloging agency PPAK
Language of cataloging eng
Transcribing agency PPAK
Description conventions rda
082 04 - DEWEY DECIMAL CLASSIFICATION NUMBER
Classification number 914.9504
Edition number 23
090 00 - LOCALLY ASSIGNED LC-TYPE CALL NUMBER (OCLC); LOCAL CALL NUMBER (RLIN)
Classification number (OCLC) (R) ; Classification number, CALL (RLIN) (NR) 914.9504
Feature heading MIL
Feature heading G
Classification number (OCLC) (R) ; Classification number, CALL (RLIN) (NR) 914.9504
Feature heading MIL
Feature heading KSA
100 1# - MAIN ENTRY--PERSONAL NAME
Personal name Miller, Henry,
Relator term author
245 14 - TITLE STATEMENT
Title The colossus of Maroussi
264 #1 - PRODUCTION, PUBLICATION, DISTRIBUTION, MANUFACTURE, AND COPYRIGHT NOTICE
Place of production, publication, distribution, manufacture London :
Name of producer, publisher, distributor, manufacturer Mandarin Paperbacks ,
Date of production, publication, distribution, manufacture, or copyright notice 1941
300 ## - PHYSICAL DESCRIPTION
Extent 248 pages ;
Dimensions 20 cm
336 ## - CONTENT TYPE
Source rdacontent
Content type term text
337 ## - MEDIA TYPE
Source rdamedia
Media type term unmediated
338 ## - CARRIER TYPE
Source rdacarrier
Carrier type term volume
650 10 - SUBJECT ADDED ENTRY--TOPICAL TERM
Topical term or geographic name entry element Greece - Description and travel
942 ## - ADDED ENTRY ELEMENTS (KOHA)
-- dc
Koha item type Book
Holdings
Withdrawn Not for loan Current library Shelving location Date acquired Full call number Barcode Date last seen Koha item type
  Not For Loan Perpustakaan Alor Setar Koleksi S.N. Shahnon Ahmad 05/08/1999 KSA 914.9504 MIL A00202004 08/05/2018 Book
    Perpustakaan Alor Setar Pinjaman Dewasa 26/07/1997 914.9504 MIL A00037695 08/05/2018 Book